De Sócrates a la econometría (Registro nro. 28756)
[ vista simple ]
| 000 -LEADER | |
|---|---|
| fixed length control field | 00303 a2200109 4500 |
| 001 - CONTROL NUMBER | |
| control field | ART_23954 |
| 005 - DATE AND TIME OF LATEST TRANSACTION | |
| control field | 20260410161933.0 |
| 008 - FIXED-LENGTH DATA ELEMENTS--GENERAL INFORMATION | |
| fixed length control field | 260409a |
| 100 1# - MAIN ENTRY--PERSONAL NAME | |
| Personal name | Robertson, David |
| 245 10 - TITLE STATEMENT | |
| Title | De Sócrates a la econometría |
| 773 0# - HOST ITEM ENTRY | |
| Title | Informe |
| Related parts | - Año X, Nº 51 (sep. 1978) |
| Record control number | REV23765 |
No hay ítems disponibles.